000 01043cam a2200301 i 4500
001 41840
003 Mx-PuUPA
005 20251017105424.0
008 140415s1995 xxka fr 001 0 eng d
020 _a090738367X
040 _cMx-PuUPA
_aMx-PuUPA
_bspa
_dMx-PuUPA
_erda
041 0 _aeng
043 _ae-uk---
100 1 _aRitchie, Berry,
_917608
_eautor
245 1 0 _aPortrait in oil :
_ban illustrated history of BP /
_cBerry Ritchie
264 _aLondon, United Kingdom :
_bJames & James,
_c©1995
300 _a143 páginas :
_bilustraciones ;
_c28 cm
336 _2rdacontent
_atexto
_btxt
337 _2rdamedia
_asin medio
_bn
338 _2rdacarrier
_avolumen
_bnc
650 7 _2armarc
_aPetróleo
_xProducción
_xHistoria
650 7 _2armarc
_aIndustria y comercio del petróleo
650 7 _2armarc
_aIndustria y comercio del petróleo
_zGran Bretaña
_xHistoria
942 _2ddc
_cLI
_h553.280941
_iR58
999 _c41840
_d41840